| 000 | 00679nam a2200229 a 4500 | ||
|---|---|---|---|
| 001 | BRCA_2721 | ||
| 005 | 20190320203935.0 | ||
| 008 | 031208s1968----fr-a---###---#000-0#fre-u | ||
| 050 | 4 |
_aNK1125 _b.B68 1960 |
|
| 100 | 1 |
_aBoulanger, Gisèle _97691 |
|
| 245 | 1 | 0 |
_aL’art de reconnaitre les styles _cGisèle Boulanger. |
| 260 |
_aParis _bHachette _c1960 |
||
| 300 |
_a415 p. _bil. (algunas a color) _c22 cm. |
||
| 500 | _aIncluye tablas. | ||
| 500 | _aAA60 | ||
| 650 | 1 | 4 |
_aColeccionistas y colecciones _97692 |
| 650 | 1 | 4 |
_aMarchands _97443 |
| 650 | 1 | 4 |
_aArte _xColeccionistas y colecciones _97445 |
| 650 | 1 | 4 |
_aArte _xIndustria y comercio _97236 |
| 902 | _aGFM | ||
| 942 |
_2lcc _cB |
||
| 999 |
_c2461 _d2461 |
||